Liverpool Best XI - Statistics

General Stats
  • This quiz has been taken 2,267 times
    2,208 since last reset
  • The average score is 7 of 18
Answer Stats
Hint Answer % Correct
CM Gerrard
94%
ST Rush
76%
CB Carragher
70%
ST Dalglish
62%
SUB Owen
60%
SUB Fowler
58%
SUB Alonso
48%
SUB Dudek
48%
RB Hyypia
39%
CM Barnes
37%
LB Riise
36%
SUB Hansen
29%
ST Hunt
21%
GK Grobbelaar
18%
CM McManaman
18%
SUB Johnson
13%
CB Callaghan
12%
SUB Garcia
9%
No matching quizzes found
Score Distribution
Percent of People with Each Score
Percentile by Number Answered
Your Score History
You have not taken this quiz since the last reset